United Nations of Manchester United XI - Statistics

General Stats
  • This quiz has been taken 77 times
    76 since last reset
  • The average score is 11 of 11
Answer Stats
Pos. Player Country % Correct
RB Rafael Brazil
100%
CB Chris Smalling England
100%
LB Patrice Evra France
100%
ST Dimitar Berbatov Bulgaria
98%
ST Javier "Chicharito" Hernandez Mexico
98%
RW Nani Portugal
98%
CB Nemanja Vidic Serbia
98%
LW Ryan Giggs Wales
98%
CM Darren Fletcher Scotland
97%
GK Tomasz Kuszczak Poland
92%
CM Darron Gibson Ireland
89%
No matching quizzes found
Score Distribution
Percent of People with Each Score
Percentile by Number Answered
Your Score History
You have not taken this quiz since the last reset